マリオカート8 デラックスのアイテム名 - Statistics

General Stats
  • This quiz has been taken 457 times
  • The average score is 13 of 23
Answer Stats
ヒント アイテム名 % Correct
通常 キラー
84%
通常 バナナ
83%
通常 アカこうら
81%
通常 ミドリこうら
80%
通常 ダッシュキノコ
74%
通常 コイン
71%
通常 サンダー
68%
通常 テレサ
63%
通常 トリプルダッシュキノコ
61%
通常 トリプルバナナ
61%
通常 スーパースター
59%
通常 トリプルアカこうら
58%
通常 トリプルミドリこうら
58%
バトルモードのみ ハネ
56%
通常 ゲッソー
54%
通常 トゲゾーこうら
54%
通常 ボムへい
50%
通常 パックンフラワー
46%
通常 パワフルダッシュキノコ
42%
通常 ミラクル8
37%
通常 ファイアフラワー
33%
通常 スーパークラクション
31%
通常 ブーメランフラワー
30%
No matching quizzes found
Score Distribution
Percent of People with Each Score
Percentile by Number Answered
Your Score History
You have not taken this quiz